LIBRARY ONLINE CATALOGUE

Work and our labor in the Lord / (Record no. 21396)

MARC details
000 -LEADER
fixed length control field 01675cam a2200385 i 4500
001 - CONTROL NUMBER
control field 19175199
003 - CONTROL NUMBER IDENTIFIER
control field OSt
005 - DATE AND TIME OF LATEST TRANSACTION
control field 20260313141032.0
008 - FIXED-LENGTH DATA ELEMENTS--GENERAL INFORMATION
fixed length control field 160713s2017 ilu b 001 0 eng
010 ## - LIBRARY OF CONGRESS CONTROL NUMBER
LC control number 2016027439
020 ## - INTERNATIONAL STANDARD BOOK NUMBER
International Standard Book Number 9781433549953
Qualifying information tp
020 ## - INTERNATIONAL STANDARD BOOK NUMBER
Canceled/invalid ISBN 978433549984 (epub)
020 ## - INTERNATIONAL STANDARD BOOK NUMBER
Canceled/invalid ISBN 978143349960 (pdf)
035 ## - SYSTEM CONTROL NUMBER
System control number 19175199
040 ## - CATALOGING SOURCE
Original cataloging agency DLC
Language of cataloging eng
Transcribing agency DLC
Description conventions rda
Modifying agency DLC
042 ## - AUTHENTICATION CODE
Authentication code pcc
050 00 - LIBRARY OF CONGRESS CALL NUMBER
Classification number BT738.5
Item number .H355 2017
082 00 - DEWEY DECIMAL CLASSIFICATION NUMBER
Classification number 261.8/5
Edition number 23
100 1# - MAIN ENTRY--PERSONAL NAME
Personal name Hamilton, James M.,
Dates associated with a name 1974-
Relator term author.
245 10 - TITLE STATEMENT
Title Work and our labor in the Lord /
Statement of responsibility, etc. James M. Hamilton Jr ; Dane C. Ortlund and Miles V. Van Pelt, series editors.
264 #1 - PRODUCTION, PUBLICATION, DISTRIBUTION, MANUFACTURE, AND COPYRIGHT NOTICE
Place of production, publication, distribution, manufacture Wheaton, Illinois :
Name of producer, publisher, distributor, manufacturer Crossway,
Date of production, publication, distribution, manufacture, or copyright notice [2017]
300 ## - PHYSICAL DESCRIPTION
Extent 123 pages ;
Dimensions 21 cm
336 ## - CONTENT TYPE
Content type term text
Content type code txt
Source rdacontent
337 ## - MEDIA TYPE
Media type term unmediated
Media type code n
Source rdamedia
338 ## - CARRIER TYPE
Carrier type term volume
Carrier type code nc
Source rdacarrier
490 0# - SERIES STATEMENT
Series statement Short studies in biblical theology series
504 ## - BIBLIOGRAPHY, ETC. NOTE
Bibliography, etc Includes bibliographical references and indexes.
505 0# - FORMATTED CONTENTS NOTE
Formatted contents note Creation : work in the very good garden -- Work after the fall fallen, futile, flourishing -- Redemption : work now that Christ has risen -- Restoration : work in the new heavens and new earth -- Conclusion.
650 #0 - SUBJECT ADDED ENTRY--TOPICAL TERM
Topical term or geographic name as entry element Work
General subdivision Religious aspects
-- Christianity.
650 #0 - SUBJECT ADDED ENTRY--TOPICAL TERM
Topical term or geographic name as entry element Work
General subdivision Biblical teaching.
776 08 - ADDITIONAL PHYSICAL FORM ENTRY
Relationship information Online version:
Main entry heading Hamilton, James M., 1974- author.
Title Work and our labor in the Lord
Place, publisher, and date of publication Wheaton, Illinois : Crossway, 2017
International Standard Book Number 9781433549984
Record control number (DLC) 2016033561
906 ## - LOCAL DATA ELEMENT F, LDF (RLIN)
a 7
b cbc
c orignew
d 1
e ecip
f 20
g y-gencatlg
942 ## - ADDED ENTRY ELEMENTS (KOHA)
Source of classification or shelving scheme Library of Congress Classification
Koha item type General Collection
Holdings
Withdrawn status Lost status Source of classification or shelving scheme Not for loan Home library Current library Shelving location Date acquired Source of acquisition Inventory number Total Checkouts Full call number Barcode Date last seen Copy number Price effective from Koha item type
    Library of Congress Classification   Kabarak, Main Campus Kabarak, Main Campus General Stacks 13/03/2026 Donation 2025/3574   BT738.5 .H355 2017 C.1 39929 13/03/2026 C.1 13/03/2026 General Collection